=LDR 00000nam 2200000 4500 =001 INLIS000000000030964 =005 20140806115454.0 =006 =007 =008 ind =035 ##$$0010-061300000030964 =041 ##$$a ind =082 ##$$a 028.5 =090 ##$$a 028.5, Han a =100 ##$$a Handrini, Ninik =245 ##$$a Aku cinta Rasulullah, oleh Ninik Handrini =260 ##$$a Jakarta $b Gema Insani $c 2009 =300 ##$$a 120 hlm $b ilus $c 28 cm =650 ##$$a Bacaan Kanak-kanak =850 ##$$a NBPNMAT =990 ##$$a 21196383/BPAP-NTB/2014 =990 ##$$a 0001/BPAP-NTB/20142015